| 000 | 01000nam a22002657a 4500 | ||
|---|---|---|---|
| 003 | Uzh_bibl | ||
| 005 | 20260501111604.0 | ||
| 008 | 260501b |||||||| |||| 00| 0 ukr d | ||
| 020 |
_a5-86248-019-6 _c3,20 |
||
| 040 | _bукр. | ||
| 041 |
_2ukr _aukr |
||
| 080 | _a030 | ||
| 090 |
_a030 _bЕ 64 |
||
| 100 | _a- | ||
| 245 |
_aЕнциклопедія українознавства _cГол. ред. В. Кубійович _hТекст |
||
| 260 |
_aКиїв _b"Молоде життя" _c1994 |
||
| 300 |
_a799 с. _bпортр. _fВ опр. |
||
| 490 | _vТ. 2 | ||
| 520 | _aУндаментальна праця з україністики створена під егдіою Наукового Товариства імені Шевченка в Європі. | ||
| 546 | _aукр. | ||
| 650 | _aДовідкове видання | ||
| 653 |
_aУкраїна _aЗакарпаття |
||
| 655 |
_aДовідкова література _vЕнциклопедія |
||
| 942 |
_2udc _cBK |
||
| 999 |
_c17596 _d17596 |
||